|
|
|
|
| LEADER |
01889nam a2200481Ia 4500 |
| 001 |
EBC308156 |
| 003 |
MiAaPQ |
| 005 |
20200520144314.0 |
| 006 |
m o d | |
| 007 |
cr cn||||||||| |
| 008 |
041208s2005 nyua sb 101 0 eng d |
| 010 |
|
|
|z 2004065496
|
| 015 |
|
|
|a GBA548763
|2 bnb
|
| 020 |
|
|
|z 1403982686
|
| 020 |
|
|
|z 1403964939 (pbk.)
|
| 020 |
|
|
|z 1403964920
|
| 035 |
|
|
|a (MiAaPQ)EBC308156
|
| 035 |
|
|
|a (Au-PeEL)EBL308156
|
| 035 |
|
|
|a (CaPaEBR)ebr10135738
|
| 035 |
|
|
|a (CaONFJC)MIL136940
|
| 035 |
|
|
|a (OCoLC)320321803
|
| 040 |
|
|
|a MiAaPQ
|c MiAaPQ
|d MiAaPQ
|
| 050 |
|
4 |
|a JA77
|b .S73 2005
|
| 082 |
0 |
4 |
|a 320.1
|2 22
|
| 245 |
0 |
0 |
|a States and development
|h [electronic resource] :
|b historical antecedents of stagnation and advance /
|c edited by Matthew Lange and Dietrich Rueschemeyer.
|
| 250 |
|
|
|a 1st ed.
|
| 260 |
|
|
|a New York :
|b Palgrave Macmillan,
|c 2005.
|
| 300 |
|
|
|a xiii, 269 p. :
|b ill.
|
| 490 |
1 |
|
|a Political evolution and institutional change
|
| 500 |
|
|
|a Revisions of papers presented at a one-day conference held in Oct. 2003 at the Watson Institute of International Studies, Brown University.
|
| 504 |
|
|
|a Includes bibliographical references and index.
|
| 533 |
|
|
|a Electronic reproduction. Ann Arbor, MI : ProQuest, 2015. Available via World Wide Web. Access may be limited to ProQuest affiliated libraries.
|
| 650 |
|
0 |
|a State, The
|v Congresses.
|
| 650 |
|
0 |
|a Nationalism
|v Congresses.
|
| 650 |
|
0 |
|a Economic development
|v Congresses.
|
| 650 |
|
0 |
|a Political development
|v Congresses.
|
| 650 |
|
0 |
|a Comparative government
|v Congresses.
|
| 655 |
|
4 |
|a Electronic books.
|
| 700 |
1 |
|
|a Lange, Matthew.
|
| 700 |
1 |
|
|a Rueschemeyer, Dietrich.
|
| 710 |
2 |
|
|a ProQuest (Firm)
|
| 830 |
|
0 |
|a Political evolution and institutional change.
|
| 856 |
4 |
0 |
|u https://ebookcentral.proquest.com/lib/matrademy/detail.action?docID=308156
|z Click to View
|